| 000 | 00915nas a2200313 4500 | ||
|---|---|---|---|
| 001 | BR0101909 | ||
| 003 | BR-BrBNA | ||
| 005 | 20231205102219.0 | ||
| 007 | ta | ||
| 008 | 230509b bl.|||p| |||| 00| 00por d | ||
| 040 |
_aBR-BrBNA _bpor _cBiblioteca Nacional de Agricultura |
||
| 041 | _a(En) | ||
| 072 | _aL74 | ||
| 100 | 1 | _aDobereiner, J. | |
| 100 | 1 | _aDutra, I.S. | |
| 100 | 1 | _aRosa, I.V. | |
| 100 | 1 | _aBlobel, H. | |
| 245 | 1 | _a"Cara inchada" of cattle, an infectious, apparently soil antibiotics-dependant periodontitis in Brazil | |
| 650 | _aBovino | ||
| 650 | _aCara Inchada | ||
| 650 | _aForragem | ||
| 650 | _aBacteria | ||
| 650 | _aSolo | ||
| 650 | _aAntibiotico | ||
| 650 | _aDeficiencia Mineral | ||
| 773 | 0 |
_tPesquisa Veterinaria Brasileira (Brazil) _xISSN 0100-736X _g(Apr-Jun 2000), v. 20(2) p. 47-64 _wBR0101909 |
|
| 909 |
_a202311 _bLúcia _c55 _dLúcia Elande |
||
| 942 |
_2AGRIS _n0 _cANA |
||
| 999 |
_c166341 _d166341 |
||